[Event "7th LCT 2013"]
[Site "Leiden NED"]
[Date "2013.07.19"]
[Round "7.9"]
[White "Ratsma, Midas"]
[Black "Wiersma, Eelke"]
[Result "1/2-1/2"]
[BlackTitle "IM"]
[WhiteElo "2036"]
[BlackElo "2374"]
[WhiteFideId "1032283"]
[BlackFideId "1002864"]
[EventDate "2013.07.12"]

1. d4 Nf6 2. c4 g6 3. g3 Bg7 4. Bg2 O-O 5. Nc3 d6 6. Nf3 Nbd7 7. O-O e5 8. e4 c6
9. b3 a6 10. Bb2 b5 11. Qe2 exd4 12. Nxd4 Bb7 13. Rad1 Re8 14. Rfe1 d5 15. cxd5
cxd5 16. Qc2 Qb6 17. Re2 dxe4 18. Nxe4 Bxe4 19. Bxe4 Rac8 20. Nc6 Bf8 21. Rc1
Re6 22. Bg2 Rxe2 1/2-1/2

[Event "7th LCT 2013"]
[Site "Leiden NED"]
[Date "2013.07.19"]
[Round "7.10"]
[White "Pijpers, Arthur"]
[Black "Van der Auweraert, Elwin"]
[Result "1-0"]
[WhiteElo "2338"]
[BlackElo "2154"]
[WhiteFideId "1019554"]
[BlackFideId "1029568"]
[EventDate "2013.07.12"]

1. e4 c5 2. Nc3 d6 3. Nf3 Nf6 4. d4 cxd4 5. Nxd4 a6 6. Bg5 Nbd7 7. f4 Qc7 8. Qf3
h6 9. Bxf6 Nxf6 10. f5 Qc5 11. O-O-O g5 12. fxg6 Bg4 13. gxf7+ Kxf7 14. Qd3 Bxd1
15. Nxd1 Bg7 16. g3 Rhe8 17. Bh3 Kg8 18. Re1 Nh7 19. Ne6 Qa5 20. Qb3 Kh8 21. Rf1
Bf6 22. Rf5 Qe1 23. Rh5 a5 24. Qf3 Ra6 25. Rxh6 Rb6 26. Rxh7+ Kg8 27. Qg4+ Kxh7
28. Qh5+ Kg8 29. Qxe8+ Kh7 30. Bf5+ Kh6 31. Qg6# 1-0

[Event "7th LCT 2013"]
[Site "Leiden NED"]
[Date "2013.07.19"]
[Round "7.11"]
[White "Molinaroli, Martin"]
[Black "Thakoerdien, Jerrel"]
[Result "1/2-1/2"]
[WhiteElo "2298"]
[BlackElo "2083"]
[WhiteFideId "4606604"]
[BlackFideId "1037439"]
[EventDate "2013.07.12"]

1. b3 Nf6 2. Bb2 g6 3. Bxf6 exf6 4. c4 Bg7 5. Nc3 O-O 6. g3 f5 7. Bg2 c6 8. e3
d5 9. cxd5 cxd5 10. Bxd5 Nc6 11. d4 Re8 12. Nge2 f4 13. O-O Bh3 14. Nxf4 Bxf1
15. Qxf1 Rc8 16. Nfe2 Qa5 17. Bc4 a6 18. a3 Qg5 19. h4 Qg4 20. Bd3 Red8 21. Rd1
Ne7 22. Kh2 Nd5 23. Nxd5 Rxd5 24. Nf4 Rd6 25. a4 Bh6 26. Be2 Qf5 27. Nd3 Rc2 28.
Kg1 Rf6 29. Ne5 Bg7 30. Ng4 Rfc6 31. d5 Rc8 32. d6 Qd7 33. e4 R2c6 34. e5 h5 35.
Ne3 Bxe5 36. Nc4 Bxd6 37. Bf3 Qe7 38. Bxc6 Rxc6 39. Re1 Qf6 40. Re8+ Kg7 41. a5
Bc5 42. Qe2 Rc7 43. Re4 1/2-1/2

[Event "7th LCT 2013"]
[Site "Leiden NED"]
[Date "2013.07.19"]
[Round "7.14"]
[White "Van Helvoort, Rob"]
[Black "Overeem, Marc"]
[Result "0-1"]
[BlackTitle "FM"]
[WhiteElo "2180"]
[BlackElo "2139"]
[WhiteFideId "1005596"]
[BlackFideId "1004972"]
[EventDate "2013.07.12"]

1. e4 d5 2. exd5 Qxd5 3. Nf3 Bg4 4. Be2 Nc6 5. Nc3 Qd7 6. O-O O-O-O 7. b4 e6 8.
b5 Bxf3 9. Bxf3 Nd4 10. Rb1 Nf6 11. a4 h5 12. Ne4 Nxf3+ 13. Qxf3 Nxe4 14. Qxe4
Qd4 15. Qf3 Qxa4 16. Qxf7 Qxc2 17. Qxe6+ Kb8 18. Rb2 Qd3 19. Qe3 b6 20. Rb3 Qd5
21. Ba3 Qxd2 22. Qf3 Bxa3 23. Rxa3 Rhf8 24. Qxh5 Rd5 25. Qg4 Rxb5 26. Qxg7 Qxf2+ 0-1

[Event "7th LCT 2013"]
[Site "Leiden NED"]
[Date "2013.07.19"]
[Round "7.16"]
[White "Den Hartog, Marijn"]
[Black "Dahm, Jochen"]
[Result "0-1"]
[BlackTitle "FM"]
[WhiteElo "1916"]
[BlackElo "2304"]
[WhiteFideId "1046098"]
[BlackFideId "4659350"]
[EventDate "2013.07.12"]

1. e4 e5 2. Nf3 Nc6 3. Bb5 a6 4. Ba4 Nf6 5. O-O Be7 6. d3 b5 7. Bb3 d6 8. c3 O-O
9. Nbd2 h6 10. Re1 Re8 11. Nf1 Bf8 12. Ng3 Na5 13. Bc2 c5 14. d4 cxd4 15. cxd4
Qc7 16. h3 exd4 17. Bf4 Nc6 18. Rc1 Qb6 19. e5 dxe5 20. Nxe5 Nxe5 21. Bxe5 Rxe5
22. Rxe5 Bd6 23. Be4 Bb7 24. Bxb7 Qxb7 25. Re2 Bxg3 26. fxg3 Rd8 27. Qd3 Qd5 28.
a3 Nd7 29. Rce1 Nf6 30. Re7 g6 31. Qf3 Rd6 32. Qxd5 Nxd5 33. Re8+ Kg7 34. Rd1
Nc7 35. Re4 Ne6 36. Kf2 Kf6 37. Ke1 Kf5 38. Re2 Kf6 39. Rd3 Kg7 40. b4 Rc6 41.
Kd2 Rd6 42. Re1 h5 43. Rc1 f5 44. h4 Kf6 45. Re1 Nd8 46. Rf1 Nc6 47. Rf4 Ke6 48.
Kc2 Kd5 49. Rd2 Re6 50. Kd1 Re4 51. Re2 Ne5 52. Rexe4 fxe4 53. Rf6 Nc4 54. Rxg6
d3 55. Rxa6 e3 56. Ra8 Nb2+ 57. Kc1 d2+ 58. Kxb2 e2 59. Rd8+ Ke4 60. Rxd2 e1=Q
61. Rc2 Qxg3 62. a4 bxa4 63. Rc3 Qxg2+ 64. Kb1 Qd2 65. Rc4+ Kd3 66. Rc8 Qxb4+
67. Ka1 Qxh4 0-1

[Event "7th LCT 2013"]
[Site "Leiden NED"]
[Date "2013.07.19"]
[Round "7.17"]
[White "Fernandez Rivero, Karla July"]
[Black "Padurariu, Ioana-Smaranda"]
[Result "0-1"]
[WhiteTitle "WFM"]
[BlackTitle "WIM"]
[WhiteElo "2097"]
[BlackElo "2208"]
[WhiteFideId "3517489"]
[BlackFideId "1210947"]
[EventDate "2013.07.12"]

1. d4 Nf6 2. c4 e6 3. Nf3 c5 4. d5 d6 5. Nc3 exd5 6. cxd5 g6 7. h3 Bg7 8. e4 O-O
9. Bd3 b5 10. Nxb5 Re8 11. O-O Nxe4 12. Re1 a6 13. Na3 Nf6 14. Rxe8+ Nxe8 15.
Bg5 f6 16. Bf4 Nd7 17. Nc4 Ne5 18. Nfxe5 fxe5 19. Be3 Bb7 20. Be2 Nc7 21. Bf3
Rb8 22. a4 Ba8 23. Rb1 Bf8 24. Qd2 Rb4 25. b3 Qb8 26. Bh6 Bxh6 27. Qxh6 Rxc4 28.
Qg5 Rd4 29. Qe7 Bxd5 30. Bg4 Bf7 0-1

[Event "7th LCT 2013"]
[Site "Leiden NED"]
[Date "2013.07.19"]
[Round "7.18"]
[White "Van Halderen, Herman"]
[Black "Vistisen, Lars"]
[Result "1-0"]
[WhiteElo "2071"]
[BlackElo "2177"]
[WhiteFideId "1026682"]
[BlackFideId "1404598"]
[EventDate "2013.07.12"]

1. d4 Nf6 2. c4 c5 3. d5 e6 4. Nc3 exd5 5. cxd5 g6 6. Nf3 d6 7. Nd2 a6 8. a4
Nbd7 9. e4 Rb8 10. Be2 Bg7 11. O-O O-O 12. f4 Re8 13. Kh1 h5 14. h3 Qe7 15. a5
b5 16. axb6 Nxb6 17. Bf3 Ng4 18. Qe1 Nh6 19. Qg3 Kh7 20. Bd1 Nd7 21. Nf3 Kh8 22.
Bc2 Rb4 23. e5 dxe5 24. f5 h4 25. Qf2 Nxf5 26. Bxf5 gxf5 27. Ng5 Nf8 28. d6 Qb7
29. Qe2 Ng6 30. Rd1 Rd4 31. Be3 Kg8 32. Na4 Qc6 33. Bxd4 exd4 34. Qc4 Be6 35.
Qxc5 Qxc5 36. Nxc5 Bd5 37. d7 Rd8 38. Rxa6 Nf4 39. Re1 Ne6 40. Rd6 Be4 41. Ngxe6
fxe6 42. Nxe6 Be5 43. Nxd8 1-0

[Event "7th LCT 2013"]
[Site "Leiden NED"]
[Date "2013.07.19"]
[Round "7.19"]
[White "Blom, Vincent"]
[Black "Sparreboom, Wil"]
[Result "1-0"]
[WhiteElo "2167"]
[BlackElo "1954"]
[WhiteFideId "1014358"]
[BlackFideId "1003836"]
[EventDate "2013.07.12"]

1. d4 d5 2. c4 dxc4 3. e3 c6 4. Bxc4 Nf6 5. Nf3 Nbd7 6. O-O e6 7. Nc3 b5 8. Bd3
a6 9. e4 c5 10. e5 cxd4 11. Nxb5 Ng4 12. Nbxd4 Ngxe5 13. Nxe5 Nxe5 14. Be4 Ra7
15. Bf4 f6 16. Bxe5 fxe5 17. Nc6 Qxd1 18. Rfxd1 Rd7 19. Nxe5 Rc7 20. Rac1 Bd6
21. Rxc7 Bxc7 22. Rc1 Ke7 23. Rxc7+ 1-0

[Event "7th LCT 2013"]
[Site "Leiden NED"]
[Date "2013.07.19"]
[Round "7.25"]
[White "Noordkamp, Wouter"]
[Black "Zeven, Frank"]
[Result "0-1"]
[WhiteElo "2066"]
[BlackElo "1899"]
[WhiteFideId "1014862"]
[BlackFideId "1013190"]
[EventDate "2013.07.12"]

1. e4 e6 2. d3 d5 3. Nd2 Nf6 4. Ngf3 Be7 5. g3 c5 6. Bg2 Nc6 7. O-O O-O 8. Re1
b5 9. e5 Ne8 10. Nf1 Nc7 11. h4 Rb8 12. N1h2 b4 13. Ng4 f6 14. exf6 Bxf6 15.
Nxf6+ gxf6 16. Kh2 e5 17. Ng1 Be6 18. f4 Qd7 19. Rf1 Rbe8 20. Be3 d4 21. Bd2 Ne7
22. fxe5 fxe5 23. Qh5 Ng6 24. Be4 Rxf1 25. Rxf1 Bf7 26. Bg5 Nf8 27. Qh6 Bg6 28.
Bxg6 hxg6 29. Bf6 Qh7 30. Qd2 Nd7 31. Kg2 Rf8 32. Bg5 Rxf1 33. Kxf1 Qf7+ 34. Qf2
Qxa2 35. b3 Qa6 36. Qf3 Qe6 37. g4 Qf7 38. Ke2 Nd5 39. Qxf7+ Kxf7 40. Nf3 Nc3+
41. Ke1 e4 42. dxe4 Nxe4 43. Bf4 Ndf6 44. Ne5+ Kg7 45. Ke2 Nd5 46. Bh2 Nb6 47.
Nc6 a6 48. Nb8 a5 49. Bc7 a4 50. bxa4 Nxa4 51. Be5+ Kf7 52. h5 gxh5 53. gxh5 Ke6
54. h6 Ng5 55. Bf4 Nh7 56. Kd3 Kd5 57. Na6 c4+ 58. Kd2 c3+ 59. Kc1 Kc4 60. Be5
Nb6 61. Nxb4 Kxb4 62. Bxd4 Nd5 63. Bxc3+ Kxc3 64. Kd1 Ndf6 65. Ke2 Ng8 66. Ke3
Nxh6 67. Ke4 Ng5+ 68. Ke5 Nf3+ 69. Ke4 Nd2+ 70. Kd5 Ng4 71. Kc5 Nc4 72. Kd5 Na3
73. Ke4 Nc4 74. Kd5 Kb4 75. Kd4 Nge3 76. Kd3 Kc5 77. Ke4 Kd6 78. Kd4 Ke6 79. Ke4
Nf5 80. Kf4 Nfd6 81. Kg4 Ke5 82. Kg5 Nf5 83. Kg4 Ne7 84. Kg5 Nd5 85. Kg4 Nc3 86.
Kg5 Ne3 87. Kg6 Ng4 88. Kg5 Nf6 89. Kg6 Nfe4 90. Kg7 Kd5 91. Kf7 Kd6 92. Kg7 Ke6
93. Kg6 Na4 94. Kg7 Kf5 95. Kf7 Nac5 96. Ke7 Ke5 97. Kf7 Ne6 98. Ke7 N4c5 99.
Kf7 Nd8+ 100. Ke7 Nc6+ 101. Kf7 Kf5 102. Kg7 Nd7 103. Kf7 Nf6 104. Kg7 Ne5 105.
Kh6 Nf7+ 106. Kg7 Ne5 107. Kh6 Ne8 108. Kh5 Ng6 109. Kh6 Nf4 110. Kh7 Kf6 111.
Kh6 Nd6 112. Kh7 Nf5 113. Kh8 Kf7 114. Kh7 Ng6 115. c4 Nf8+ 116. Kh8 Ne7 117. c5
Neg6# 0-1

[Event "7th LCT 2013"]
[Site "Leiden NED"]
[Date "2013.07.19"]
[Round "7.26"]
[White "Van der Meer, Kees"]
[Black "Segers, Hans"]
[Result "1/2-1/2"]
[WhiteElo "2039"]
[BlackElo "2058"]
[WhiteFideId "1007793"]
[BlackFideId "1019350"]
[EventDate "2013.07.12"]

1. d4 Nf6 2. c4 g6 3. Nc3 d5 4. Bf4 Bg7 5. e3 O-O 6. Qb3 c6 7. Nf3 Ne4 8. Bd3
Nxc3 9. bxc3 dxc4 10. Bxc4 b5 11. Be2 Be6 12. Qc2 Nd7 13. O-O Nb6 14. Ne5 Rc8
15. Rfd1 Nd5 16. Bg3 Qa5 17. Rdc1 Bh6 18. Qd3 a6 19. a3 c5 20. c4 Nf6 21. cxb5
Bf5 22. Qb3 cxd4 23. Rxc8 Bxc8 24. exd4 axb5 25. Nc6 Qd2 26. Nxe7+ Kg7 27. Nxc8
Rxc8 28. Qd3 Qb2 29. Rb1 Qa2 30. Be5 Rc2 31. Re1 Bg5 32. f4 Bh6 33. Qxb5 Qxa3
34. Bxf6+ 1/2-1/2

[Event "7th LCT 2013"]
[Site "Leiden NED"]
[Date "2013.07.19"]
[Round "7.27"]
[White "Kouwenhoven, Arjen"]
[Black "Serdijn, Adinda"]
[Result "1/2-1/2"]
[WhiteElo "2004"]
[BlackElo "2048"]
[WhiteFideId "1013416"]
[BlackFideId "1002740"]
[EventDate "2013.07.12"]

1. e4 e5 2. Nf3 Nc6 3. Bb5 a6 4. Ba4 Nf6 5. O-O Nxe4 6. d4 b5 7. Bb3 d5 8. dxe5
Be6 9. Qe2 Qd7 10. Rd1 Nc5 11. c4 Nxb3 12. axb3 bxc4 13. bxc4 d4 14. Nc3 Be7 15.
Be3 Bg4 16. Bf4 O-O 17. Nd5 Bc5 18. h3 Be6 19. Nc3 Rfd8 20. Ne1 Nb4 21. Ne4 Be7
22. Qh5 Bxc4 23. Nf3 Be2 24. Bg5 Qf5 25. Ng3 Qxg5 26. Qxg5 Bxg5 27. Nxe2 d3 28.
Nc3 Be7 29. Rd2 c5 30. Ne4 c4 31. Ra4 Rab8 32. Rd1 h6 33. Kf1 Kf8 34. Rc1 Nc2
35. Rxc4 Rxb2 36. Ra4 Nb4 37. Nfd2 Rc2 38. Re1 Rb8 39. f3 f5 40. exf6 gxf6 41.
g4 Rb5 42. Nb3 Ra2 43. Rxa2 Nxa2 44. Nd4 Rd5 45. Nf5 d2 46. Rd1 Bb4 47. Ne3 Rd3
48. Ke2 Nc1+ 49. Kf2 Kf7 50. Nc4 Nb3 51. Ke2 Nc1+ 52. Kf2 Nb3 53. Ke2 Rd7 54.
Ncxd2 Nxd2 55. Nxd2 a5 56. Ne4 Rxd1 57. Kxd1 Ke6 58. Kc2 Ke5 59. Ng3 a4 60. Kb2
a3+ 61. Kb3 Be7 62. Nf5 Bf8 63. Ng3 Kf4 64. Nh5+ Kxf3 65. Nxf6 Kg3 66. Ng8 Kxh3
67. Nxh6 Bxh6 1/2-1/2

[Event "7th LCT 2013"]
[Site "Leiden NED"]
[Date "2013.07.19"]
[Round "7.37"]
[White "Koes, Richard"]
[Black "Orlova, Yelizaveta"]
[Result "0-1"]
[BlackTitle "WC"]
[WhiteElo "1919"]
[BlackElo "1942"]
[WhiteFideId "1020528"]
[BlackFideId "2601826"]
[EventDate "2013.07.12"]

1. e4 c5 2. Nf3 Nc6 3. Bc4 g6 4. O-O Bg7 5. c3 d6 6. h3 Nf6 7. Re1 O-O 8. d4 Nd7
9. Be3 Qc7 10. Nbd2 Rb8 11. a4 a6 12. Nf1 b5 13. axb5 axb5 14. Bd3 Qb6 15. Bc2
b4 16. Qd2 Rd8 17. Ng3 Ba6 18. Bh6 Bh8 19. Nf5 Re8 20. dxc5 Nxc5 21. Ne3 e6 22.
Ng4 bxc3 23. bxc3 Na5 24. Qg5 Bxc3 25. e5 f5 26. Qf6 Qa7 27. Be3 fxg4 28. Bxc5
dxc5 29. Ng5 Qe7 30. Nxh7 Qxh7 31. Bxg6 Qg7 32. Rab1 Bxe1 33. Rxb8 Rxb8 34.
Qxe6+ Kh8 35. Qxg4 Bc4 36. e6 Rf8 37. Qh4+ Kg8 38. e7 Qxg6 0-1

[Event "7th LCT 2013"]
[Site "Leiden NED"]
[Date "2013.07.20"]
[Round "8.1"]
[White "Sengupta, Deep"]
[Black "Sethuraman, S.P."]
[Result "0-1"]
[WhiteTitle "GM"]
[BlackTitle "GM"]
[WhiteElo "2555"]
[BlackElo "2562"]
[WhiteFideId "5008352"]
[BlackFideId "5021596"]
[EventDate "2013.07.12"]

1. e4 c5 2. c3 d5 3. exd5 Qxd5 4. d4 Nc6 5. Be3 cxd4 6. cxd4 e5 7. Nc3 Bb4 8.
Nf3 exd4 9. Nxd4 Nge7 10. Nxc6 Bxc3+ 11. bxc3 Qxc6 12. Qd4 O-O 13. Qc5 Qe4 14.
O-O-O Nc6 15. Qd5 Qa4 16. Qb3 Qg4 17. h3 Qg6 18. Bd3 Bf5 19. Bxf5 Qxf5 20. Rd5
Qe4 21. Rhd1 Rac8 22. g4 a5 23. Bc5 Rfe8 24. Rf5 Ne5 25. Qd5 Qe2 26. Bd4 Rcd8
27. Qb3 Nc4 28. Qc2 Qe6 29. Qd3 b6 30. Qf3 Qe7 31. Kb1 Qa3 32. Rb5 Rxd4 33. Rxd4
Re1+ 34. Qd1 Rxd1+ 35. Rxd1 g6 36. Rb3 Qe7 37. Kc1 Qe2 38. a4 Qa2 39. Rb5 Qa1+
40. Kc2 Qxa4+ 0-1

[Event "7th LCT 2013"]
[Site "Leiden NED"]
[Date "2013.07.20"]
[Round "8.4"]
[White "Bernal Moro, Luis Javier"]
[Black "Zhou, Yang-Fan"]
[Result "1-0"]
[WhiteTitle "IM"]
[BlackTitle "IM"]
[WhiteElo "2423"]
[BlackElo "2469"]
[WhiteFideId "2200236"]
[BlackFideId "468584"]
[EventDate "2013.07.12"]

1. c4 Nf6 2. Nc3 g6 3. e4 d6 4. d4 Bg7 5. f4 O-O 6. Nf3 e5 7. fxe5 dxe5 8. d5 c6
9. Bd3 b5 10. dxc6 bxc4 11. Bxc4 Qb6 12. Qb3 Nxc6 13. Qxb6 axb6 14. Bg5 Ba6 15.
Bxa6 Rxa6 16. O-O-O Ng4 17. Rhf1 f6 18. Bd2 Nb4 19. a3 Nd3+ 20. Kc2 Nc5 21. h3
Nh6 22. b4 Ne6 23. Nb5 Nf7 24. Be3 f5 25. Nd2 Nfg5 26. Kb3 Raa8 27. exf5 gxf5
28. h4 Ne4 29. Nxe4 fxe4 30. Rxf8+ Bxf8 31. Nc3 Rb8 32. Nxe4 Bg7 33. Kb2 Nd4 34.
Rc1 Rf8 35. Rc7 Rf7 36. Rxf7 Kxf7 37. Bxd4 exd4 38. Kc2 Ke6 39. Kd3 Kd5 40. g4
Ke5 41. a4 Kf4 42. a5 bxa5 43. bxa5 Be5 44. a6 Bb8 45. Nf6 Kg3 46. g5 Kxh4 47.
Nxh7 Kh5 48. Kxd4 Kg6 49. Nf6 Ba7+ 50. Kd5 Kxg5 51. Nd7 Kf5 52. Kc6 Ke6 53. Nb6
Bb8 54. Kb7 1-0

[Event "7th LCT 2013"]
[Site "Leiden NED"]
[Date "2013.07.20"]
[Round "8.5"]
[White "Howell, David W L"]
[Black "Van Der Raaf, Erik"]
[Result "1-0"]
[WhiteTitle "GM"]
[WhiteElo "2639"]
[BlackElo "2140"]
[WhiteFideId "410608"]
[BlackFideId "1004115"]
[EventDate "2013.07.12"]

1. d4 d5 2. Nf3 c6 3. c4 e6 4. Qc2 Nf6 5. g3 Nbd7 6. Bg2 Bd6 7. O-O O-O 8. Nc3
Re8 9. Rd1 Qe7 10. Nd2 Bc7 11. e4 dxe4 12. Ndxe4 Nxe4 13. Nxe4 f5 14. Bg5 Qf7
15. Nc3 Qh5 16. Bf4 e5 17. dxe5 Bxe5 18. Qd2 Qg4 19. Re1 Qg6 20. Rad1 Bxf4 21.
Qxf4 Nf6 22. Qc7 Qf7 23. Rxe8+ Nxe8 24. Qd8 Kf8 25. Qh4 Be6 26. Qxh7 Bxc4 27.
Qh8+ Qg8 28. Qh4 Nf6 29. b3 Be6 30. Qb4+ Kf7 31. Qxb7+ Kg6 32. Ne2 Rc8 33. Nf4+
Kh6 34. Rd6 Bf7 35. h4 a5 36. Bh3 1-0

[Event "7th LCT 2013"]
[Site "Leiden NED"]
[Date "2013.07.20"]
[Round "8.6"]
[White "Heemskerk, Wim"]
[Black "Epishin, Vladimir"]
[Result "0-1"]
[WhiteTitle "FM"]
[BlackTitle "GM"]
[WhiteElo "2239"]
[BlackElo "2598"]
[WhiteFideId "1001000"]
[BlackFideId "4162714"]
[EventDate "2013.07.12"]

1. Nf3 g6 2. g3 Bg7 3. d4 c5 4. d5 d6 5. Bg2 b5 6. a4 b4 7. O-O Nf6 8. Re1 O-O
9. e4 Nbd7 10. Nbd2 Ba6 11. Bf1 Bxf1 12. Rxf1 Re8 13. Re1 e6 14. Nc4 Nb6 15.
Nxb6 axb6 16. dxe6 Rxe6 17. e5 dxe5 18. Qxd8+ Rxd8 19. a5 e4 20. Ng5 Ree8 21.
axb6 h6 22. Nh3 g5 23. Ra5 Nd7 24. b7 Rb8 25. Rb5 Ne5 26. Kg2 f5 27. Rd1 Re7 28.
Rxc5 Rbxb7 29. Ng1 Red7 30. Rxd7 Rxd7 31. h4 Rd1 32. Be3 gxh4 33. gxh4 Ng6 34.
h5 Nh4+ 35. Kg3 Rxg1+ 36. Kxh4 Bf6+ 37. Kh3 Rh1+ 38. Kg2 Rxh5 39. Rb5 Kf7 40.
Rxb4 Rh4 41. Rb7+ Ke8 42. b4 f4 43. Bc5 Rh5 44. Bd6 f3+ 45. Kg3 Rd5 46. Bf4 Bg5
47. c4 Rd1 48. Bxg5 hxg5 49. Rb5 Rg1+ 50. Kh2 Rg2+ 51. Kh1 Rxf2 52. Rxg5 Rc2 53.
Kg1 Rxc4 54. Kf2 Rxb4 55. Ke3 Ke7 56. Rh5 Ke6 57. Ra5 Rb1 58. Ra6+ Kf5 59. Ra5+
Kg4 60. Ra8 Rb3+ 0-1

[Event "7th LCT 2013"]
[Site "Leiden NED"]
[Date "2013.07.20"]
[Round "8.8"]
[White "Slingerland, Fred"]
[Black "Pijpers, Arthur"]
[Result "0-1"]
[WhiteTitle "IM"]
[WhiteElo "2350"]
[BlackElo "2338"]
[WhiteFideId "1002473"]
[BlackFideId "1019554"]
[EventDate "2013.07.12"]

1. e4 c5 2. Nf3 d6 3. d4 cxd4 4. Nxd4 Nf6 5. Nc3 g6 6. Be3 Bg7 7. f3 Nc6 8. Qd2
O-O 9. O-O-O d5 10. Kb1 Nxd4 11. e5 Nf5 12. exf6 exf6 13. Nxd5 Nxe3 14. Qxe3 Be6
15. Bc4 f5 16. c3 Re8 17. Nf4 Qc7 18. Bxe6 fxe6 19. Rhe1 Rad8 20. g3 Rd6 21.
Rxd6 Qxd6 22. Qxa7 g5 23. Qa4 b5 24. Qxb5 Rb8 25. Qd3 Qb6 26. Re2 Qg1+ 27. Kc2
Qa1 28. b4 Qxa2+ 29. Kd1 Qa1+ 30. Kd2 gxf4 31. Rxe6 Qa2+ 0-1

[Event "7th LCT 2013"]
[Site "Leiden NED"]
[Date "2013.07.20"]
[Round "8.9"]
[White "Overeem, Marc"]
[Black "Wilschut, Peter"]
[Result "0-1"]
[WhiteTitle "FM"]
[WhiteElo "2139"]
[BlackElo "2232"]
[WhiteFideId "1004972"]
[BlackFideId "1007165"]
[EventDate "2013.07.12"]

1. Nf3 Nf6 2. g3 d5 3. Bg2 c6 4. O-O g6 5. b3 Bg7 6. Bb2 O-O 7. c4 Bg4 8. d3 a5
9. a3 Bxf3 10. Bxf3 e6 11. Nd2 Nbd7 12. Rc1 Qb6 13. Qc2 Rfd8 14. Rfd1 Ne8 15.
Bxg7 Kxg7 16. c5 Qc7 17. Qb2+ Qe5 18. d4 Qc7 19. b4 axb4 20. axb4 b6 21. Nb3 Kg8
22. Ra1 Qb7 23. Qc3 bxc5 24. Nxc5 Nxc5 25. bxc5 Nf6 26. Rdb1 Qc7 27. e3 Kg7 28.
Rb4 Rxa1+ 29. Qxa1 Rb8 30. Qb2 Rxb4 31. Qxb4 Nd7 32. Be2 e5 33. Ba6 exd4 34.
exd4 Nf6 35. Bd3 Qe7 36. Kf1 Qe6 37. Kg2 Qg4 38. f3 Qe6 39. Kf2 Nd7 40. Qe1 Qf6
41. Qc3 Nf8 42. Ba6 Ne6 43. Ke3 h5 44. Bc8 Nc7 45. Bh3 h4 46. Bf1 Kh7 47. Be2
Ne6 48. Qb4 Ng7 49. Bd3 hxg3 50. hxg3 Nh5 51. g4 Qf4+ 52. Ke2 Qh2+ 53. Kd1 Nf4
54. Qb7 Kg7 55. Ba6 Qg1+ 56. Kc2 Ne6 0-1

[Event "7th LCT 2013"]
[Site "Leiden NED"]
[Date "2013.07.20"]
[Round "8.10"]
[White "Wiersma, Eelke"]
[Black "Van Halderen, Herman"]
[Result "1-0"]
[WhiteTitle "IM"]
[WhiteElo "2374"]
[BlackElo "2071"]
[WhiteFideId "1002864"]
[BlackFideId "1026682"]
[EventDate "2013.07.12"]

1. d4 Nf6 2. c4 e6 3. Nc3 Bb4 4. e3 O-O 5. Ne2 d5 6. a3 Bd6 7. Ng3 c5 8. dxc5
Bxc5 9. b4 Be7 10. Bb2 a5 11. b5 b6 12. cxd5 exd5 13. Be2 Ra7 14. O-O Be6 15.
Bf3 Rd7 16. Na4 Ne4 17. Nh5 f6 18. Nf4 Bf7 19. Qc2 Rc7 20. Qd1 Rd7 21. Qd3 Re8
22. Rfd1 Bd6 23. Bg4 Bxf4 24. exf4 Rde7 25. Bd4 Rb7 26. Rac1 Bg6 27. Qh3 Nd6 28.
Qb3 Nc4 29. Nc3 Rbe7 30. Nxd5 Qxd5 31. Be3 Qb7 32. Qxc4+ Bf7 33. Qd4 Bb3 34. Rd3
a4 35. h3 Re4 36. Qxb6 Qe7 37. Qc5 Qf7 38. Bf3 Nd7 39. Qd6 R4e7 40. b6 Qg6 41.
b7 f5 42. Qxg6 hxg6 43. Bc6 Be6 44. Rcd1 1-0

[Event "7th LCT 2013"]
[Site "Leiden NED"]
[Date "2013.07.20"]
[Round "8.11"]
[White "Dahm, Jochen"]
[Black "Chevannes, Sabrina L"]
[Result "1-0"]
[WhiteTitle "FM"]
[BlackTitle "WFM"]
[WhiteElo "2304"]
[BlackElo "2136"]
[WhiteFideId "4659350"]
[BlackFideId "411280"]
[EventDate "2013.07.12"]

1. e4 c6 2. d4 d5 3. Nc3 a6 4. Nf3 Bg4 5. h3 Bh5 6. exd5 cxd5 7. g4 Bg6 8. Ne5
Nc6 9. Nxg6 hxg6 10. Bg2 e6 11. Ne2 Nf6 12. f3 Bd6 13. c3 b5 14. Qd3 Nd7 15. O-O
Nb6 16. b3 Qh4 17. Bd2 O-O 18. f4 Rfe8 19. Rf3 Rac8 20. Be1 Qh7 21. Bf2 Ba3 22.
Re1 Nd7 23. Ng3 Re7 24. Nf1 Qh6 25. g5 Qh7 26. Ne3 Ree8 27. b4 Nb6 28. Rb1 Nc4
29. Nxc4 bxc4 30. Qc2 Na7 31. Qa4 Nb5 32. Qxa6 Rb8 33. Qa4 Kh8 34. Qc2 Qg8 35.
h4 Qf8 36. Rh3 Kg8 37. Bf3 Qe7 38. h5 gxh5 39. Bxh5 g6 40. Bxg6 fxg6 41. Rh6 Kf8
42. Qxg6 Qg7 43. Qh5 Nxc3 44. Rh8+ Ke7 45. Rh7 Qxh7 46. Qxh7+ Kd6 47. Re1 Bxb4
48. f5 Ne4 49. Rxe4 dxe4 50. Bg3+ e5 51. Bxe5+ Rxe5 52. dxe5+ Kc6 53. Qg6+ Kb5
54. f6 Rd8 55. Qxe4 c3 56. Qe2+ Ka5 57. Kf1 Rc8 58. Qc2 Rc5 59. g6 Rxe5 60. a3 1-0

[Event "7th LCT 2013"]
[Site "Leiden NED"]
[Date "2013.07.21"]
[Round "9.1"]
[White "Sethuraman, S.P."]
[Black "Howell, David W L"]
[Result "1-0"]
[WhiteTitle "GM"]
[BlackTitle "GM"]
[WhiteElo "2562"]
[BlackElo "2639"]
[WhiteFideId "5021596"]
[BlackFideId "410608"]
[EventDate "2013.07.12"]

1. d4 Nf6 2. c4 g6 3. Nc3 d5 4. Bg5 Bg7 5. Bxf6 Bxf6 6. cxd5 c5 7. Nf3 cxd4 8.
Nxd4 Qb6 9. Nb3 a5 10. e3 O-O 11. Qd2 Rd8 12. Nd4 a4 13. Be2 Qa5 14. Rd1 e6 15.
d6 Nc6 16. Ndb5 a3 17. b3 Bg7 18. O-O Na7 19. Qd3 Bd7 20. Nxa7 Bxc3 21. Nb5 Bb4
22. Nc7 Rac8 23. Bf3 Bc6 24. Bxc6 bxc6 25. Ne8 Qe5 26. d7 Rb8 27. Qc4 c5 28. Qh4
Bc3 29. Qe7 h5 30. Kh1 Qf5 31. f4 Bg7 32. e4 Qxe4 33. Nd6 Qc6 34. Nxf7 Rf8 35.
d8=Q Rbxd8 36. Nxd8 1-0

[Event "7th LCT 2013"]
[Site "Leiden NED"]
[Date "2013.07.21"]
[Round "9.5"]
[White "Pijpers, Arthur"]
[Black "Zaragatski, Ilja"]
[Result "1/2-1/2"]
[BlackTitle "IM"]
[WhiteElo "2338"]
[BlackElo "2494"]
[WhiteFideId "1019554"]
[BlackFideId "4655192"]
[EventDate "2013.07.12"]

1. e4 e6 2. d4 d5 3. Nc3 Nc6 4. Nf3 Nf6 5. exd5 exd5 6. Bb5 Bb4 7. O-O O-O 8.
Bxc6 bxc6 9. Ne5 Qe8 10. Re1 Be6 11. Bd2 Bd6 12. Bg5 Ne4 13. Bf4 Nxc3 14. bxc3
c5 15. Nd3 cxd4 16. cxd4 Qc6 17. Qd2 Bf5 18. c3 Rab8 19. Re3 Rfe8 20. Rae1 Rxe3
21. Qxe3 h6 22. Ne5 Qe8 23. Qd2 f6 24. Nd3 Qb5 25. Bxd6 cxd6 26. Nf4 Qc4 27. h3
a5 28. Re7 Kf8 29. Qe3 Be4 30. Ra7 g5 31. Ng6+ Kg8 32. Ne7+ Kf8 33. Ng6+ Kg8 34.
Ne7+ Kf8 1/2-1/2